Physical ceramics /

Guardado en:
Autor Principal: Chiang, Yet-ming.
Otros Autores: Birnie, Dunbar P., Kingery, W. D.
Formato: Libro
Idioma:English
Publicado: New York : Wiley, c1997.
Series:MIT series in materials science and engineering.
Materias:
Acceso en línea:Descripción
Tabla de contenido
Etiquetas: Agregar Etiqueta
Sin Etiquetas, Sea el primero en etiquetar este registro!
LEADER 01306cam a22002895a 4500
001 EIQ.libpla001127
008 950623s1997####nyuao####b####001#0#eng#d
005 20060807191932.0
245 1 0 |a Physical ceramics /  |c Yet-ming Chiang, Dunbar P. Birnie III, W. David Kingery. 
260 |a New York :  |b Wiley,  |c c1997. 
300 |a xiv, 522 p. :  |b il., fotos ;  |c 24 cm. +  |e 1 diskette (3 1/2 plg.). 
490 1 |a MIT series in materials science & engineering 
504 |a Incluye referencias bibliográficas e índice. 
538 |a Requerimientos del sistema: PC IBM 286 o superior; programa MS-DOS ; gráficos VGA o superior, memoria convencional 507 KB (fuera de un total de 640 KBO para funcionar); más eficaz con mouse 
020 |a 0471598739 (cloth : alk. paper) 
100 1 |a Chiang, Yet-ming. 
700 1 |a Birnie, Dunbar P. 
700 1 |a Kingery, W. D. 
830 0 |a MIT series in materials science and engineering. 
082 0 0 |a 620.1/4  |2 20 
650 4 |a materiales  |x Cerámicos. 
650 4 |a materials  |x Ceramics. 
010 |a  95032997  
040 |a DLC  |c DLC  |d AR-BbSID 
856 4 2 |3 Descripción  |u http://www.loc.gov/catdir/description/wiley031/95032997.html 
856 4 |3 Tabla de contenido  |u http://www.loc.gov/catdir/toc/onix01/95032997.html 
859 |a AR-BbSID  |b BIB. PLAPIQUI  |h 620.14  |i C 43  |p 5758